=LDR 00000nam 2200000 4500 =001 INLIS000000000001208 =005 20230403112137 =035 ##$$a 0010-0423000020 =007 ta =008 230403################f##########0#eng## =020 ##$$a - =082 ##$$a 658. 312 =084 ##$$a 658. 312 AGR =245 ##$$a Agreement Between BKKBN and FSU on Training Program for Indonesian Nationals in The USA =250 ##$$a - =260 ##$$a Jakarta,$c 1991 =300 ##$: $b Ilustrasi ; $c 27,5 cm$e - =650 #4$$a Pelatihan =520 ##$$a Perjanjian ini dibuat pada tanggal 11 bulan Agustus 1992 antara, di satu pihak, Badan Koordinasi Keluarga Berencana Nasional, Republik Indonesia (selanjutnya disebut "Pihak Pertama) dan sebaliknya. Pusat Studi Kependudukan, Florida State University (selanjutnya disebut "Pihak Kedua") menggantikan Perjanjian tentatif Antara BKKBN dan FSU tentang Program Pelatihan untuk Warga Negara Indonesia di USA yang ditandatangani oleh kedua belah pihak pada tanggal 17 Januari 1992. Perjanjian ini mencakup semua ketentuan umum untuk hubungan empat tahun antara kedua pihak. Namun, karena ketidakpastian mengenai tingkat inflasi, biaya hidup, tiket pesawat, dan masalah terkait lainnya, Kontrak yang mencakup penyediaan keuangan tertentu hanya akan dinegosiasikan setiap tahun Angka anggaran dalam perjanjian. =990 ##$$a B-1991-00005